000 00619nam a22002177a 4500
003 UA-OsUOA
001 70179
007 ta
008 20100901b un ||||| |||| 00| 0 ukr d
090 _a82.09(100)
_bВ40
942 _cBK
040 _aUA-OsUOA
_brus
_cUA-OsUOA
_dUA-OsUOA
245 _aВзаимодействие культур Востока и Запада
_bСборник статей
300 _a200 с.
955 _a2
041 _arus
080 _a82.09(100)
260 _aМ.
_bНаука
_c1987
650 7 _a82 Література. Літературознавство
_2UDC
999 _c356452
_d356452